000 00762cam a22002412 4500
001 0000001658
005 20151217145725.0
008 070321s xx 000 0 eng d
020 _a0256141207 :
_cKES 2,278
040 _aKABU
_cKABU
050 0 _aHD30.28
_b.C42 1993
100 1 _aCerto, Samuel C.
_@0000150697
245 1 0 _aStrategic management :
_ba focus on process /
_cSamuel C. Certo, J. Paul.
250 _a2nd ed.
260 _aBurr Ridge, IIIinois :
_bIrwin,
_c1993.
300 _axxv, 372 p.
650 0 _aStrategic planning.
_@0000150576
700 1 _aPeter, J. Paul.
_@0000151417
908 _a070321
950 _@1
999 _c1918
_d1918